[Event "IV Open Internacional Ciutat d"]
[Site "Palma"]
[Date "2009.11.22"]
[Round "3.11"]
[White "Mamedov, Nidjat"]
[Black "Gaya Llodra, Juan"]
[Result "1-0"]
[WhiteElo "2617"]
[BlackElo "2259"]
[PlyCount "49"]
[EventDate "2009.11.21"]

1. e4 e6 2. d4 d5 3. Nd2 Nf6 4. e5 Nfd7 5. Bd3 c5 6. c3 Nc6 7. Ngf3 Be7 8. O-O
g5 9. dxc5 Ndxe5 10. Nxe5 Nxe5 11. Nb3 a5 12. f4 gxf4 13. Bxf4 Ng6 14. a4 Bd7
15. Qh5 O-O 16. Bh6 Qc7 17. Bxf8 Rxf8 18. Kh1 e5 19. Bf5 Bxf5 20. Qxf5 Bxc5 21.
Rad1 Be7 22. Qd3 Nf4 23. Qb5 b6 24. g3 Ng6 25. Qxd5 1-0

[Event "IV Open Internacional Ciutat d"]
[Site "Palma"]
[Date "2009.11.22"]
[Round "3.28"]
[White "Mirzoev, Azer"]
[Black "Stoeckmann, Helmut"]
[Result "1-0"]
[WhiteElo "2617"]
[BlackElo "2135"]
[PlyCount "91"]
[EventDate "2009.11.21"]

1. d4 Nf6 2. c4 e6 3. Nf3 Bb4+ 4. Nbd2 d5 5. e3 Be7 6. a3 a5 7. b3 c5 8. Bb2
Nc6 9. cxd5 exd5 10. dxc5 Bxc5 11. Rc1 Ba7 12. Bb5 Bd7 13. O-O O-O 14. Bxc6
Bxc6 15. Nd4 Bd7 16. Qf3 Re8 17. h3 Ne4 18. Rfd1 Bxd4 19. Bxd4 Nxd2 20. Rxd2
Bc6 21. Qg3 f6 22. Rc5 Re6 23. Rdc2 Qe8 24. Qg4 Re4 25. Qd1 Re6 26. Rc1 Rd6 27.
Qc2 Qe7 28. Qd2 a4 29. b4 Qe8 30. Qc2 Bb5 31. Rc8 Rxc8 32. Qxc8 Qxc8 33. Rxc8+
Kf7 34. Rc5 Be8 35. Rc7+ Rd7 36. Rc8 Rd6 37. Bc5 Rc6 38. Rb8 Rc7 39. g4 g6 40.
Kh2 Bb5 41. Kg3 Bc4 42. Rf8+ Kg7 43. Rd8 Rf7 44. Bd4 Kh6 45. f4 f5 46. Kh4 1-0

[Event "IV Open Internacional Ciutat d"]
[Site "Palma"]
[Date "2009.11.22"]
[Round "3.55"]
[White "Ortega Ruiz, Jose Miguel"]
[Black "Boulkrouche, Yacine"]
[Result "1-0"]
[WhiteElo "2326"]
[BlackElo "2082"]
[PlyCount "67"]
[EventDate "2009.11.21"]

1. e4 e5 2. Nf3 Nc6 3. Bb5 a6 4. Ba4 Nf6 5. Qe2 Be7 6. O-O b5 7. Bb3 O-O 8. c3
d6 9. h3 Na5 10. Bc2 c5 11. d4 Qc7 12. d5 Nb7 13. a4 Bd7 14. b3 Rfc8 15. Be3
bxa4 16. bxa4 Na5 17. Na3 Rcb8 18. Rab1 Qc8 19. Nd2 Rxb1 20. Rxb1 Qe8 21. Nac4
Bd8 22. Nxd6 Qf8 23. Bxc5 Be7 24. Bb4 Bxd6 25. Bxa5 Qe8 26. Nc4 Bb8 27. Nb6 Ra7
28. Bb4 a5 29. Ba3 Bc7 30. Nxd7 Qxd7 31. Qb5 Qd8 32. d6 Bxd6 33. Bxd6 Qxd6 34.
Qb8+ 1-0

[Event "IV Open Internacional Ciutat d"]
[Site "Palma"]
[Date "2009.11.22"]
[Round "3.70"]
[White "Ponce Cano, Adrian"]
[Black "Oliver Amengual, Adria"]
[Result "1-0"]
[WhiteElo "1625"]
[BlackElo "1896"]
[PlyCount "47"]
[EventDate "2009.11.21"]

1. Nf3 Nf6 2. g3 g6 3. Bg2 Bg7 4. O-O O-O 5. d4 d6 6. c4 Nbd7 7. Nc3 e5 8. e3
exd4 9. exd4 c5 10. d5 Nb6 11. Qb3 Bf5 12. Rd1 Qd7 13. Bf4 Rfe8 14. Nb5 Ne4 15.
Nh4 Nc8 16. Nxf5 Qxf5 17. Nc7 g5 18. Nxe8 Bd4 19. Rxd4 cxd4 20. Bxe4 Qh3 21.
Bxg5 Nb6 22. Nf6+ Kg7 23. Qf3 Nxc4 24. Bf5 1-0

[Event "IV Open Internacional Ciutat d"]
[Site "Palma"]
[Date "2009.11.22"]
[Round "3.52"]
[White "Serra Olives, Tomas"]
[Black "Navarrete Abraham, Jorge"]
[Result "1-0"]
[WhiteElo "2143"]
[BlackElo "1671"]
[PlyCount "43"]
[EventDate "2009.11.21"]

1. e4 c5 2. Nf3 d6 3. d4 cxd4 4. Nxd4 a6 5. c4 e5 6. Nc2 Nf6 7. Nc3 Be6 8. Be2
Be7 9. O-O Nbd7 10. Ne3 Nb6 11. f4 exf4 12. Rxf4 Qc7 13. Ned5 Nbxd5 14. exd5
Bd7 15. Be3 O-O 16. Bd4 h6 17. Qd3 Ne8 18. Raf1 g5 19. Rxf7 Rxf7 20. Rxf7 Kxf7
21. Qh7+ Ng7 22. Bh5+ 1-0

[Event "IV Open Internacional Ciutat d"]
[Site "Palma"]
[Date "2009.11.22"]
[Round "3.40"]
[White "Kwossek, Georg"]
[Black "Zozulia, Anna"]
[Result "1/2-1/2"]
[WhiteElo "2018"]
[BlackElo "2324"]
[PlyCount "49"]
[EventDate "2009.11.21"]

1. d4 g6 2. Nf3 Bg7 3. c4 d6 4. Nc3 Nd7 5. e4 c5 6. Be2 cxd4 7. Nxd4 Ngf6 8.
Be3 O-O 9. O-O Nc5 10. f3 a6 11. Qd2 Bd7 12. Rfd1 Rc8 13. Rac1 Re8 14. h4 h5
15. b4 Na4 16. Nxa4 Bxa4 17. Re1 Bd7 18. Bd1 Nh7 19. Bb3 Nf8 20. Red1 Ne6 21.
Ne2 Nf8 22. Nc3 Bc6 23. Qf2 Nd7 24. a4 b6 25. Qa2 1/2-1/2

[Event "IV Open Internacional Ciutat d"]
[Site "Palma"]
[Date "2009.11.22"]
[Round "3.17"]
[White "Malakhatko, Vadim"]
[Black "Pons Sastre, Santiago"]
[Result "1/2-1/2"]
[WhiteElo "2544"]
[BlackElo "2380"]
[PlyCount "58"]
[EventDate "2009.11.21"]

1. d4 d5 2. c4 e6 3. Nc3 c6 4. Nf3 dxc4 5. Bg5 Be7 6. Bxe7 Nxe7 7. a4 O-O 8. e4
c5 9. dxc5 Qa5 10. Bxc4 Qxc5 11. Qe2 Nbc6 12. O-O Ng6 13. Rfd1 e5 14. h3 Nf4
15. Qf1 Be6 16. Bd5 Rfd8 17. Qb5 Qxb5 18. axb5 Bxd5 19. bxc6 Bxc6 20. Rxd8+
Rxd8 21. Nxe5 f6 22. Nxc6 bxc6 23. Rxa7 Rd2 24. Rc7 Rxb2 25. Rxc6 Nd3 26. Rc8+
Kf7 27. Rc7+ Kf8 28. Rc8+ Kf7 29. Rc7+ Kf8 1/2-1/2

[Event "IV Open Internacional Ciutat d"]
[Site "Palma"]
[Date "2009.11.22"]
[Round "3.12"]
[White "Sumets, Andrey"]
[Black "Matnadze, Ana"]
[Result "1/2-1/2"]
[WhiteElo "2604"]
[BlackElo "2401"]
[PlyCount "62"]
[EventDate "2009.11.21"]

1. d4 Nf6 2. c4 e6 3. Nc3 Bb4 4. Qc2 d5 5. cxd5 c5 6. dxc5 exd5 7. Bg5 Nc6 8.
O-O-O Bxc3 9. Qxc3 d4 10. Qa3 h6 11. Bh4 g5 12. Bg3 Ne4 13. e3 f5 14. f3 Nxg3
15. hxg3 Be6 16. exd4 Qd5 17. Ne2 Qxa2 18. Qxa2 Bxa2 19. d5 Nb4 20. Nc3 Rc8 21.
Rd4 a5 22. Rxb4 axb4 23. Nxa2 Rxc5+ 24. Kb1 Rxd5 25. Nxb4 Rd4 26. Nd3 Kf7 27.
Kc2 Kg7 28. Be2 Re8 29. Kd2 Kf6 30. Ra1 Re7 31. Ra5 Kg6 1/2-1/2

[Event "IV Open Internacional Ciutat d"]
[Site "Palma"]
[Date "2009.11.22"]
[Round "3.21"]
[White "Tratar, Marko"]
[Black "Piasetski, Leon"]
[Result "1/2-1/2"]
[WhiteElo "2480"]
[BlackElo "2269"]
[PlyCount "39"]
[EventDate "2009.11.21"]

1. d4 Nf6 2. c4 e6 3. g3 Bb4+ 4. Bd2 Qe7 5. Nf3 b6 6. Bg2 Bb7 7. O-O Bxd2 8.
Qxd2 O-O 9. Nc3 Ne4 10. Nxe4 Bxe4 11. Qf4 d5 12. cxd5 exd5 13. Rac1 c5 14. dxc5
bxc5 15. Qe5 Qd8 16. Bh3 Na6 17. Rfd1 Qb6 18. b3 Rad8 19. Ng5 Rfe8 20. Qb2
1/2-1/2

[Event "IV Open Internacional Ciutat d"]
[Site "Palma"]
[Date "2009.11.22"]
[Round "3.69"]
[White "Genute, Giedre"]
[Black "Abadia Pascual, Luis"]
[Result "0-1"]
[WhiteElo "1631"]
[BlackElo "1929"]
[PlyCount "64"]
[EventDate "2009.11.21"]

1. d4 f5 2. c4 Nf6 3. Nf3 g6 4. g3 Bg7 5. Bg2 d6 6. O-O O-O 7. Nc3 Nc6 8. b3 e5
9. d5 Ne7 10. Bb2 e4 11. Nd4 a6 12. e3 Qe8 13. Nce2 g5 14. f4 exf3 15. Bxf3 Ng6
16. Qd2 Ne5 17. Bg2 Qg6 18. Rae1 Bd7 19. Nc3 Ne4 20. Nxe4 fxe4 21. Qc2 Nd3 22.
Re2 c5 23. Ne6 Rxf1+ 24. Bxf1 Bxb2 25. Rg2 Be5 26. Bxd3 exd3 27. Qd2 Bxe6 28.
dxe6 Re8 29. Qe1 Rxe6 30. Rf2 Bd4 31. Rf3 g4 32. Rf4 Bxe3+ 0-1

[Event "IV Open Internacional Ciutat d"]
[Site "Palma"]
[Date "2009.11.22"]
[Round "3.20"]
[White "Hadzimanolis, Antonios"]
[Black "Narciso Dublan, Marc"]
[Result "0-1"]
[WhiteElo "2346"]
[BlackElo "2510"]
[PlyCount "42"]
[EventDate "2009.11.21"]

1. e4 e6 2. d4 d5 3. e5 c5 4. c3 Qb6 5. Nf3 Bd7 6. a3 a5 7. Be2 a4 8. O-O Nc6
9. dxc5 Bxc5 10. c4 d4 11. Nbd2 Nge7 12. Bd3 Ng6 13. Re1 O-O 14. Ng5 h6 15.
Nxf7 Kxf7 16. Qh5 Nce7 17. Re4 Kg8 18. Rg4 Rf5 19. Qh3 Nxe5 20. Rg3 Nxd3 21.
Qxh6 Rf7 0-1

[Event "IV Open Internacional Ciutat d"]
[Site "Palma"]
[Date "2009.11.22"]
[Round "3.67"]
[White "Lewandowski, Richard"]
[Black "Munar Mut, Antonio"]
[Result "0-1"]
[WhiteElo "1662"]
[BlackElo "2032"]
[PlyCount "72"]
[EventDate "2009.11.21"]

1. d4 g6 2. c4 Bg7 3. Nc3 d6 4. e4 Nf6 5. f3 O-O 6. Be3 Nc6 7. a3 e5 8. d5 Ne7
9. Bd3 c6 10. Nge2 cxd5 11. cxd5 Bd7 12. O-O a6 13. Qd2 Rc8 14. Rac1 Nh5 15.
Bh6 Bxh6 16. Qxh6 Qb6+ 17. Kh1 Qxb2 18. Rb1 Qxa3 19. Rxb7 Rxc3 20. Nxc3 Qxc3
21. Qe3 Bb5 22. Rc1 Qxd3 23. Qxd3 Bxd3 24. Rxe7 Bb5 25. Kg1 Nf4 26. Rcc7 g5 27.
Rb7 Nd3 28. Rec7 Nc5 29. Rb6 Rd8 30. Kf2 h5 31. g3 g4 32. Ke3 gxf3 33. Kxf3 Bd3
34. Rb4 a5 35. Rb2 Bxe4+ 36. Ke3 Bxd5 0-1

[Event "IV Open Internacional Ciutat d"]
[Site "Palma"]
[Date "2009.11.22"]
[Round "3.25"]
[White "Mascaro March, Pedro"]
[Black "Colovic, Aleksandar"]
[Result "0-1"]
[WhiteElo "2369"]
[BlackElo "2443"]
[PlyCount "57"]
[EventDate "2009.11.21"]

1. d4 d5 2. c4 c6 3. Nf3 Nf6 4. Qc2 dxc4 5. Qxc4 Bf5 6. Nc3 e6 7. g3 Nbd7 8.
Bg2 Be7 9. O-O O-O 10. Qb3 Qb6 11. Nd2 e5 12. d5 cxd5 13. Nxd5 Nxd5 14. Qxd5
Qa6 15. Qxb7 Qxe2 16. Nb3 a5 17. Bf3 Qa6 18. Bd2 a4 19. Na5 Bf6 20. g4 Be6 21.
Qxa6 Rxa6 22. Be2 Rb6 23. Bc3 e4 24. h3 Bxc3 25. bxc3 Ne5 26. Rfd1 Rb2 27. Kf1
f5 28. Rd4 e3 29. fxe3 0-1

[Event "IV Open Internacional Ciutat d"]
[Site "Palma"]
[Date "2009.11.22"]
[Round "3.9"]
[White "Massanet Massanet, Sebastian"]
[Black "Pap, Misa"]
[Result "0-1"]
[WhiteElo "2243"]
[BlackElo "2501"]
[PlyCount "52"]
[EventDate "2009.11.21"]

1. d4 Nf6 2. Nf3 c5 3. g3 cxd4 4. Nxd4 d5 5. Bg2 e5 6. Nb3 h6 7. O-O Nc6 8. c4
d4 9. e3 Bg4 10. f3 Be6 11. exd4 exd4 12. Re1 Bb4 13. N1d2 O-O 14. a3 Be7 15.
f4 a5 16. Nf3 d3 17. Ne5 Nxe5 18. fxe5 Ng4 19. Be3 a4 20. Nc5 Nxe3 21. Nxe6
fxe6 22. Rxe3 Bc5 23. Qd2 Qd4 24. Rae1 Qxc4 25. Kh1 Bxe3 26. Qxe3 Rad8 0-1

[Event "IV Open Internacional Ciutat d"]
[Site "Palma"]
[Date "2009.11.22"]
[Round "3.27"]
[White "Matas Artigues, Josep"]
[Black "Souleidis, Georgios"]
[Result "0-1"]
[WhiteElo "1709"]
[BlackElo "2429"]
[PlyCount "50"]
[EventDate "2009.11.21"]

1. d4 Nf6 2. c4 g6 3. Nc3 Bg7 4. e4 d6 5. f4 O-O 6. Nf3 c5 7. d5 e6 8. Be2 exd5
9. cxd5 Bg4 10. h3 Bxf3 11. Bxf3 Ne8 12. O-O f5 13. Be3 Nd7 14. Qd2 a6 15. a4
Kh8 16. Ne2 fxe4 17. Bxe4 Ndf6 18. Bf3 Nc7 19. g4 Re8 20. Ng3 Nfxd5 21. Bf2 Nb4
22. Rad1 Ne6 23. f5 Nd4 24. Bxb7 d5 25. Kg2 Rb8 0-1

[Event "IV Open Internacional Ciutat d"]
[Site "Palma"]
[Date "2009.11.22"]
[Round "3.68"]
[White "Mateu Mir, Gabriel"]
[Black "Castell Cantero, Salvador"]
[Result "0-1"]
[WhiteElo "1637"]
[BlackElo "1948"]
[PlyCount "54"]
[EventDate "2009.11.21"]

1. d4 d5 2. c4 c6 3. Nc3 Nf6 4. Bg5 dxc4 5. e3 b5 6. a4 Qb6 7. a5 Qc7 8. h3
Nbd7 9. d5 a6 10. dxc6 Qxc6 11. Nf3 e6 12. Nd4 Qc7 13. Be2 Bb7 14. O-O Be7 15.
Bf3 O-O 16. Bxb7 Qxb7 17. Bf4 e5 18. Nf5 Bb4 19. Bh2 Rad8 20. Qc2 Qc6 21. Rad1
Qe6 22. Rd2 Nc5 23. Rfd1 Nd3 24. e4 Bxc3 25. Rxd3 Rxd3 26. Rxd3 cxd3 27. Qxc3
Nxe4 0-1

[Event "IV Open Internacional Ciutat d"]
[Site "Palma"]
[Date "2009.11.22"]
[Round "3.30"]
[White "Perez Aleman, Pedro Tomas"]
[Black "Meijers, Viesturs"]
[Result "0-1"]
[WhiteElo "2093"]
[BlackElo "2488"]
[PlyCount "60"]
[EventDate "2009.11.21"]

1. Nf3 b6 2. g3 Bb7 3. Bg2 e5 4. d3 g6 5. Bg5 Nf6 6. e4 h6 7. Bd2 Nc6 8. Nc3
Bg7 9. Qc1 d5 10. exd5 Nxd5 11. O-O Nce7 12. Re1 g5 13. Nd1 Qd7 14. Bc3 f6 15.
d4 g4 16. Nh4 O-O-O 17. dxe5 fxe5 18. Ne3 Bf6 19. b4 Bxh4 20. gxh4 Nc6 21. Rd1
Nd4 22. Bxd4 exd4 23. c3 Nf4 24. Bxb7+ Kxb7 25. Qb2 dxc3 26. Qc2 Qc6 27. Rxd8
Rxd8 28. Rd1 Nh3+ 29. Kf1 Qh1+ 30. Ke2 Nf4# 0-1

[Event "IV Open Internacional Ciutat d"]
[Site "Palma"]
[Date "2009.11.22"]
[Round "3.18"]
[White "Roos, Michael"]
[Black "Movsziszian, Karen"]
[Result "0-1"]
[WhiteElo "2375"]
[BlackElo "2541"]
[PlyCount "45"]
[EventDate "2009.11.21"]

1. d4 d6 2. c4 e5 3. Nf3 Nd7 4. Nc3 g6 5. e4 Bg7 6. Be2 Ngf6 7. O-O O-O 8. Be3
Re8 9. d5 Nh5 10. g3 Bf8 11. Ne1 Ng7 12. Nd3 f5 13. f3 Be7 14. Qd2 Nf6 15. c5
fxe4 16. fxe4 Ng4 17. Bxg4 Bxg4 18. Rac1 Bh3 19. Rf2 a6 20. Na4 Nh5 21. cxd6
cxd6 22. Nb6 Rb8 23. Rf3 {Ileglible las negras ganaron en la jugada 42} 0-1

[Event "IV Open Internacional Ciutat d"]
[Site "Palma"]
[Date "2009.11.22"]
[Round "3.42"]
[White "Zanetti, Bruno"]
[Black "Serrano Salvador, Eduardo"]
[Result "0-1"]
[WhiteElo "1988"]
[BlackElo "2319"]
[PlyCount "62"]
[EventDate "2009.11.21"]

1. d4 Nf6 2. c4 d6 3. Nc3 Nbd7 4. e4 e5 5. d5 Nc5 6. f3 a5 7. Be3 Be7 8. Qd2
O-O 9. g4 h6 10. Nge2 Nh7 11. Ng3 Bg5 12. O-O-O Bxe3 13. Qxe3 Qg5 14. Qxg5 Nxg5
15. Bg2 Bd7 16. h4 Nh7 17. Bf1 g6 18. h5 Kg7 19. Be2 Ng5 20. Rh2 Rh8 21. b3
Raf8 22. hxg6 fxg6 23. Rf1 Rf6 24. Kd2 Rhf8 25. Ke3 b6 26. Nb1 Na6 27. a3 Nc5
28. Nd2 a4 29. b4 Nb3 30. Rfh1 Nxd2 31. Kxd2 Rxf3 0-1

[Event "IV Open Internacional Ciutat d"]
[Site "Palma"]
[Date "2009.11.22"]
[Round "3.16"]
[White "Zude, Erik"]
[Black "Haslinger, Stewart G"]
[Result "0-1"]
[WhiteElo "2409"]
[BlackElo "2548"]
[PlyCount "118"]
[EventDate "2009.11.21"]

1. d4 d5 2. c4 c6 3. Nc3 dxc4 4. e4 b5 5. a4 b4 6. Nce2 Nf6 7. Ng3 Ba6 8. Nf3
e6 9. Qc2 b3 10. Qc3 Bd6 11. Bxc4 Bxg3 12. hxg3 Nxe4 13. Qxb3 Qa5+ 14. Bd2 Bxc4
15. Qxc4 Qd5 16. Rc1 O-O 17. Bb4 Re8 18. Ne5 f6 19. Qxd5 exd5 20. Nd3 Nd7 21.
O-O a5 22. Be1 Nd6 23. g4 f5 24. g5 Ne4 25. g6 hxg6 26. f3 Ng5 27. Nf4 Nf8 28.
Bf2 Nge6 29. Nd3 Nd7 30. Rc3 Rac8 31. Re1 Kf7 32. Rc2 g5 33. Rce2 Rb8 34. Rc2
Rec8 35. Rce2 Re8 36. Rc2 Rb6 37. Rec1 Reb8 38. Re1 Rb3 39. Rd1 Ke7 40. Re2 Kd6
41. Rde1 Re8 42. Nc1 Rb4 43. Nd3 Rxa4 44. g4 f4 45. Kg2 Rc4 46. Ne5 Nxe5 47.
Rxe5 Rc2 48. Ra1 Rb8 49. Rae1 Nxd4 50. Kf1 Rxf2+ 51. Kxf2 Rxb2+ 52. Kf1 Nxf3
53. Re6+ Kc7 54. Rc1 Nd2+ 55. Kg1 Nc4 56. Rg6 f3 57. Rxg5 f2+ 58. Kh1 Ne3 59.
Rxg7+ Kd6 0-1

[Event "IV Open Internacional Ciutat d"]
[Site "Palma"]
[Date "2009.11.22"]
[Round "3.57"]
[White "Shen, Yue"]
[Black "Pastor Alonso De Prado, Emilio"]
[Result "0-1"]
[WhiteElo "1809"]
[BlackElo "2188"]
[PlyCount "148"]
[EventDate "2009.11.21"]

1. e4 e5 2. Nf3 Nc6 3. Bb5 Nf6 4. O-O Nxe4 5. d4 Nd6 6. Bxc6 bxc6 7. Nxe5 Be7
8. c4 O-O 9. c5 Ne8 10. Nc3 Bb7 11. Qf3 f6 12. Ng4 d6 13. Rd1 Rf7 14. b4 Qc8
15. a4 Rb8 16. Rb1 Qd7 17. Ne3 Bf8 18. Ba3 Ba8 19. Rb2 g6 20. Re2 Bg7 21. Nc2
f5 22. Rde1 Bf6 23. Bc1 Re7 24. Rxe7 Bxe7 25. Qe2 Bf6 26. a5 Ng7 27. a6 Qf7 28.
Qd3 Rd8 29. Bh6 Ne6 30. Qe3 Re8 31. g3 Qd7 32. Na4 Kf7 33. Qb3 Qc8 34. Qc4 Qd7
35. Bd2 dxc5 36. Nxc5 Qd5 37. Qxd5 cxd5 38. Bc3 Bc6 39. Nxe6 Rxe6 40. Rxe6 Kxe6
41. Na3 Bd7 42. Kf1 Be7 43. Ke2 Bc8 44. f4 Bxa6+ 45. Kd2 Bf1 46. Kc2 c6 47. h4
Kf7 48. Kb3 Kg7 49. Nc2 Kh6 50. Ne3 Bb5 51. Kc2 Kh5 52. Kd2 Bxh4 53. gxh4 Kxh4
54. Nd1 h6 55. Ke3 Ba4 56. Nf2 Kg3 57. Nd3 g5 58. Be1+ Kg2 59. Bd2 g4 60. Ne5
Kf1 61. Nxg4 fxg4 62. f5 g3 63. Kf3 g2 64. Be3 Bd1+ 65. Kg3 g1=Q+ 66. Bxg1 Kxg1
67. Kh4 Bc2 68. Kg4 Kf2 69. f6 Bg6 70. Kf4 Ke2 71. Ke5 Kd3 72. Kd6 Kxd4 73.
Kxc6 Ke5 74. Kb7 d4 0-1

[Event "IV Open Internacional Ciutat d"]
[Site "Palma"]
[Date "2009.11.22"]
[Round "3.1"]
[White "Rozentalis, Eduardas"]
[Black "Ipatov, Alexander"]
[Result "1/2-1/2"]
[WhiteElo "2611"]
[BlackElo "2487"]
[PlyCount "146"]
[EventDate "2009.11.21"]

1. e4 c5 2. Nf3 Nc6 3. Bb5 e6 4. O-O Nge7 5. b3 a6 6. Bxc6 Nxc6 7. Bb2 f6 8. d4
cxd4 9. Nxd4 b5 10. Nxc6 dxc6 11. Qh5+ g6 12. Qf3 e5 13. Rd1 Bd7 14. a4 b4 15.
Nd2 Bc5 16. Nc4 Qe7 17. c3 a5 18. cxb4 axb4 19. Bc1 Be6 20. Be3 O-O 21. Bxc5
Qxc5 22. Rac1 Kg7 23. Rd6 Bxc4 24. Rd7+ Rf7 25. Rxf7+ Kxf7 26. Rxc4 Qd6 27. g3
c5 28. Kg2 Rc8 29. h4 Qd2 30. Kf1 Ke7 31. h5 Rc7 32. Kg2 Kf7 33. a5 Ke7 34. a6
Qd6 35. Qe3 Qxa6 36. Rxc5 Rxc5 37. Qxc5+ Qd6 38. Qa7+ Qd7 39. Qb6 Qd6 40. Qb7+
Ke6 41. Qxh7 gxh5 42. Qxh5 Qc6 43. Qh7 Qc2 44. Qg8+ Ke7 45. Qd5 Qc3 46. Kh3
Qc8+ 47. Kh4 Qh8+ 48. Kg4 Qc8+ 49. Kf3 Qc3+ 50. Kg2 Kf8 51. Kh3 Kg7 52. Kh4 Kh6
53. Qe6 Qf3 54. Qf5 Qh1+ 55. Kg4 Qd1+ 56. Qf3 Qd7+ 57. Kh4 Qc6 58. Qh5+ Kg7 59.
Qg4+ Kh6 60. Qf5 Kg7 61. Kh5 Qe8+ 62. Kg4 Qf7 63. Qf3 Qd7+ 64. Kh4 Qd2 65. Qe3
Qxe3 66. fxe3 Kh6 67. Kh3 Kh5 68. Kg2 Kg5 69. Kf1 Kh5 70. Kg2 Kg5 71. Kf1 Kh5
72. Ke2 Kg4 73. Kf2 Kg5 1/2-1/2

[Event "IV Open Internacional Ciutat d"]
[Site "Palma"]
[Date "2009.11.22"]
[Round "3.60"]
[White "Roig Squar, Jason"]
[Black "Alemany Jara, Alejandro"]
[Result "1-0"]
[WhiteElo "2110"]
[BlackElo "1789"]
[PlyCount "143"]
[EventDate "2009.11.21"]

1. d4 Nf6 2. c4 g6 3. Nc3 Bg7 4. e4 d6 5. f3 O-O 6. Nge2 e5 7. d5 Nh5 8. Be3 a6
9. Qd2 Nf6 10. h4 h5 11. O-O-O Qe8 12. Kb1 b5 13. Nc1 b4 14. N3e2 a5 15. Nd3
Ba6 16. Rc1 c5 17. Nf2 Bc8 18. g3 Bd7 19. Re1 Qc8 20. Nc1 Re8 21. Be2 a4 22.
Reg1 Kh7 23. Ncd3 Na6 24. Bf1 Nc7 25. Nh3 Kh8 26. Bh6 Rb8 27. Be3 Qa6 28. Ndf2
Qc8 29. Be2 Na8 30. g4 Nb6 31. Bg5 hxg4 32. Bxf6 gxh3 33. Bxg7+ Kxg7 34. h5 Rh8
35. hxg6 fxg6 36. Qg5 Qe8 37. Qg3 Qf7 38. Nxh3 Bxh3 39. Rxh3 Rxh3 40. Qxh3 Rh8
41. Qg3 Nd7 42. Bd1 a3 43. bxa3 bxa3 44. Ba4 Nf6 45. Kc2 Nh5 46. Qg4 Nf4 47.
Qd7 Qxd7 48. Bxd7 Ne2 49. Rb1 Nd4+ 50. Kc3 Nxf3 51. Rb6 Ra8 52. Rxd6 Rd8 53.
Rc6 Rxd7 54. Rxc5 Ng5 55. Kd3 Ne6 56. Ra5 g5 57. c5 Nf4+ 58. Kc4 g4 59. Rxa3
Kf6 60. c6 Rc7 61. Kc5 Rg7 62. Rg3 Nh5 63. Rg1 Nf4 64. Kb6 Ke7 65. d6+ Kd8 66.
Rh1 Ng6 67. c7+ Kc8 68. Kc6 Rf7 69. Rb1 Ne7+ 70. dxe7 Rf6+ 71. Kd5 Kd7 72.
e8=Q+ 1-0

[Event "IV Open Internacional Ciutat d"]
[Site "Palma"]
[Date "2009.11.22"]
[Round "3.23"]
[White "Aloma Vidal, Robert"]
[Black "Spence, David J"]
[Result "1/2-1/2"]
[WhiteElo "2458"]
[BlackElo "2252"]
[PlyCount "125"]
[EventDate "2009.11.21"]

1. d4 e6 2. Nf3 Nf6 3. e3 b6 4. Bd3 Bb7 5. O-O Be7 6. c4 O-O 7. Nc3 d5 8. b3 c5
9. Bb2 Nc6 10. Rc1 Rc8 11. cxd5 Nxd5 12. Nxd5 Qxd5 13. e4 Qd8 14. dxc5 Nb4 15.
Bb1 Ba6 16. Re1 Bxc5 17. Nd4 e5 18. Nf5 Qf6 19. Qg4 Rcd8 20. Red1 Nc6 21. Qg3
Be2 22. Rd5 Rfe8 23. a3 a5 24. b4 axb4 25. axb4 Bf8 26. Rxd8 Rxd8 27. Qe3 Bg4
28. Qxb6 Bxf5 29. exf5 Nxb4 30. Qa5 Rd5 31. Qa8 Qd6 32. Qa4 Nd3 33. Bxd3 Rxd3
34. h3 Qb8 35. Qc2 Rd5 36. Ba1 Rc5 37. Qd1 Rxc1 38. Qxc1 Bd6 39. Qd1 f6 40. g3
Qd8 41. Qd5+ Kh8 42. Bc3 Be7 43. Qc6 Bf8 44. Kg2 Qd6 45. Qa8 h6 46. Bb2 Qe7 47.
Bc1 Kh7 48. Be3 Qf7 49. g4 Bd6 50. Qc6 Qe7 51. Qe4 Bc5 52. h4 Bxe3 53. fxe3 Qd8
54. g5 Qd2+ 55. Kh3 hxg5 56. hxg5 fxg5 57. Qxe5 Qf2 58. Qe4 Qf1+ 59. Kg4 Qg1+
60. Kh5 Qh2+ 61. Kxg5 Qg3+ 62. Kh5 Qh3+ 63. Kg5 1/2-1/2

[Event "IV Open Internacional Ciutat d"]
[Site "Palma"]
[Date "2009.11.22"]
[Round "3.48"]
[White "Ahlstrom, Per"]
[Black "Zygouris, Hristos"]
[Result "0-1"]
[WhiteElo "1910"]
[BlackElo "2246"]
[PlyCount "116"]
[EventDate "2009.11.21"]

1. e4 c5 2. Nf3 e6 3. d4 cxd4 4. Nxd4 a6 5. Nc3 Qc7 6. g3 Bb4 7. Nde2 Nf6 8.
Bg2 O-O 9. O-O d6 10. a3 Bc5 11. h3 Nc6 12. Bg5 Ne8 13. Qd2 Ne5 14. b3 b5 15.
Kh2 Bb7 16. f4 Ng6 17. f5 Ne5 18. f6 g6 19. Bh6 Rc8 20. Bxf8 Kxf8 21. Rf4 Qb6
22. Nd1 Qd8 23. Nb2 Nxf6 24. b4 Ba7 25. Rxf6 Qxf6 26. Qxd6+ Kg8 27. Rf1 Qg5 28.
Nd3 Bb8 29. Qb6 Qe7 30. Nc5 Rxc5 31. Qxc5 Qxc5 32. bxc5 Ba7 33. a4 Bxc5 34.
axb5 axb5 35. Rd1 Nc4 36. Rd7 Bc6 37. Rc7 Ne5 38. Nf4 Bd6 39. Rc8+ Kg7 40. Nd3
Bb7 41. Rc3 Nxd3 42. Rxd3 Be5 43. Rd7 Bc6 44. Rd8 b4 45. Rc8 Bb7 46. Rc4 Bc3
47. Kg1 Ba6 48. Rc7 Bd4+ 49. Kh2 h5 50. h4 Be2 51. Rc8 Kf6 52. Rc7 Bc3 53. Kg1
Bd1 54. Kf2 Bxc2 55. Ke2 b3 56. Rxc3 b2 57. Rf3+ Ke5 58. Rf1 Kd4 0-1

[Event "IV Open Internacional Ciutat d"]
[Site "Palma"]
[Date "2009.11.22"]
[Round "3.49"]
[White "Sorell Nicolau, Pau"]
[Black "Lyell, Mark"]
[Result "0-1"]
[WhiteElo "1831"]
[BlackElo "2245"]
[PlyCount "107"]
[EventDate "2009.11.21"]

1. e4 e5 2. Bc4 Nf6 3. d3 Nc6 4. a3 d5 5. exd5 Nxd5 6. Nc3 Be6 7. Nxd5 Bxd5 8.
Bxd5 Qxd5 9. Qf3 Qe6 10. Be3 O-O-O 11. Ne2 Be7 12. O-O f5 13. b4 g5 14. Qh5 Qg6
15. Qxg6 hxg6 16. f3 Nd4 17. Nxd4 exd4 18. Bf2 Bf6 19. Rfe1 Rde8 20. Rxe8+ Rxe8
21. Re1 Rxe1+ 22. Bxe1 Kd7 23. b5 c6 24. bxc6+ Kxc6 25. Kf2 Be7 26. a4 b5 27.
axb5+ Kxb5 28. Ke2 Bb4 29. Bf2 Bc3 30. Kd1 a6 31. Kc1 Kc5 32. Kb1 g4 33. fxg4
fxg4 34. Ka2 Kb5 35. h3 gxh3 36. gxh3 a5 37. Kb3 a4+ 38. Ka2 Kb4 39. Bh4 Bd2
40. Be7+ Kc3 41. Kb1 Bf4 42. Ba3 Be3 43. h4 Kd2 44. Be7 Bf2 45. Bg5+ Kd1 46.
Bf6 Kd2 47. Bg5+ Ke2 48. Ka2 Kd1 49. Kb1 a3 50. Ka2 Kxc2 51. Kxa3 Kxd3 52. Kb3
Ke2 53. Kc4 d3 54. Bd2 0-1

[Event "IV Open Internacional Ciutat d"]
[Site "Palma"]
[Date "2009.11.22"]
[Round "3.35"]
[White "Bergas Ferriol, Jeronimo"]
[Black "Asis Gargatagli, Hipolit"]
[Result "0-1"]
[WhiteElo "2053"]
[BlackElo "2414"]
[PlyCount "106"]
[EventDate "2009.11.21"]

1. e4 Nf6 2. e5 Nd5 3. d4 d6 4. c4 Nb6 5. exd6 exd6 6. Nc3 Nc6 7. Nf3 Bg4 8.
Be2 Be7 9. b3 O-O 10. O-O Bf6 11. Be3 d5 12. c5 Nc8 13. Rc1 N8e7 14. h3 Be6 15.
Bd3 Nf5 16. Bxf5 Bxf5 17. a3 Re8 18. b4 Qd7 19. Nh2 Rad8 20. Ne2 g6 21. Ng3 Be6
22. Qd2 a6 23. Rfe1 Bg7 24. Nf3 f6 25. a4 Ra8 26. Ra1 Nd8 27. Qb2 Bf7 28. Qb3
Ne6 29. Ne2 g5 30. Nc3 c6 31. Rab1 Bh5 32. Nh2 f5 33. g4 Bg6 34. gxf5 Bxf5 35.
Rbd1 Bxh3 36. Ne2 Bf5 37. Ng3 Qf7 38. Nxf5 Qxf5 39. Qd3 Qxd3 40. Rxd3 Nxd4 41.
Red1 Ne6 42. Nf3 h6 43. Rb1 Rad8 44. Nd4 Bxd4 45. Bxd4 Nf4 46. Rd2 Re4 47. Be3
Ne6 48. Rd3 d4 49. Bc1 Re1+ 50. Kh2 Rf8 51. Rd2 Rf3 52. Kg2 Rc3 53. Bb2 Nf4+
0-1